000
00281nam a2200097Ia 4500
001
1190793
005
20250827021623.0
008
250824s9999 xx 000 0 und d
245
0
_a
KUDÜS'ÜN İKİNCİ FATİHİ SELAHADDİN EYYÜBİ
_c
MERYEM UÇAR
260
_b
ERDEM GENÇ YAYINLARI
999
_c
1190793
_d
1190793